000 00183nam a22000977a 4500
082 _a823
_bSTI/F
100 _aSTINE, R L
245 _aFIRST DATE
650 _aENGLISH STORY
942 _cBK
999 _c7679
_d7679